000 00274nam a2200109Ia 4500
008 190216s9999||||xx |||||||||||||| ||und||
100 _aAjay Khanna & Atul Khanna
245 0 _aObjective Mathematics
260 _bJaiprakashnath&Co:
_c1998
300 _a775p
942 _cREF
999 _c36322
_d36322